000 01425nam a2200313 a 4500
001 000010913
003 DO-SdBNP
005 20250409122709.0
008 091013s1983 dr r 001 0 spa d
040 _aDO-SdBNP
_bspa
_cBNPHU
082 4 _a610.97293
_bM896a, 1983
_222
100 1 _a Moscoso Puello, F. E.,
_q (Francisco Eujenio)
_d1885-1959
_958361
245 1 0 _aApuntes para la historia de la medicina de la isla de Santo Domingo /
_cF. E. Moscoso Puello ; prólogo y notas Manuel Mañón Arredondo, Vetilio Alfau Durán.
260 _aSan Pedro de Macorís, República Dominicana :
_bUCE:
_bTaller,
_c1983.
300 _av. ;
_c23 cm.
490 1 _aUniversidad Central del Este
_v46-57.
_aCientífica
_v17
500 _aIncluye referencias bibliográficas y notas al pie de las páginas.
500 _aIncluye índice de nombres, materias y lugares.
500 _aLa biblioteca posee el v. 2-6
590 _aInventariado,2018/DG
650 4 _aMedicina
_zRepública Dominicana
_xHistoria
_918658
650 4 _aMedicina
_zIsla Hispaniola (Haití y República Dominicana)
_xHistoria
_926324
700 1 _aMañón Arredondo, Manuel,
_epról.
_926325
700 1 _aAlfau Durán, Vetilio,
_d1909-1985
_epról.
_910091
710 1 _aUniversidad Central del Este
_937229
830 0 _aUniversidad Central del Este
_v46-57
_pCientífica
_n16-21
_926326
910 _aValidado. Control de calidad. MMOLINA
942 _2ddc
_cLBS1
999 _c10651
_d10651